000 00545nam a2200193 a 4500
003 BD-DhJNU
005 20250428063647.0
008 730201s1971 ru a bs 000 0 eng
040 _aBD-DhJNU
_bENG
_cBD-DhJNU
_dBD-DhJNU
082 0 0 _a303.485 URW
_223
100 1 _aUrlanis, B.
245 1 0 _aWars and population /
_cB. Urlanis
260 _aMoscow,
_bProgress Publishers
_c1971.
300 _a320 p. with diagrs.
_c21 cm..
504 _aIncludes bibliographical references.
650 0 _aWar casualties.
650 0 _aPopulation.
942 _cBK
999 _c1634
_d1634